000 01935nam a2200409 i 4500
001 198412
003 ES-MaACL
005 20260601173830.0
007 ta
008 260601s1956 sp a|||| |||| 001 1 spa d
040 _aES-MaACL
_bspa
_cES-MaACL
_erda
080 _a82"18/19"(082.2)
100 1 _aBuck, Pearl S. (
_d1892-1973)
_4aut
_932316
_eaut
245 1 0 _aPearl S. Buck, Thomas Stearns Eliot, Henri Bergson, Luigi Pirandello, Verner von Heidenstam, George Bernard Shaw
264 1 _aBarcelona :
_bJosé Janés Editor,
_c1956
300 _a1998 páginas y 6 hojas sin numerar :
_bretratos (blanco y negro) ;
_c18 cm
336 _2rdacontent
_aTexto
337 _2rdamedia
_asin mediación
338 _2rdacarrier
_avolumen
490 0 _aLos premios Nobel de literatura ;
_v3
500 _aRegistro provisional
500 _aÍndice
505 0 _aLa estirpe del dragón ; La promesa ; Viento del este, viento del oeste / Pearl S. Buck -- Asesinato en la catedral ; Dante ; Poemas / Thomas Stearns Eliot -- La risa / Henri Bergson -- El difunto Matías Pascal ; Seis personajes en busca de autor ; Cuentos ; Ensayos / Luigi Pirandello -- Los paladines de Carlos XII / Verner Von Heidenstam -- Santa Juana ; Pigmalión / George Bernard Shaw
546 _aTraducido del francés, inglés, sueco e italiano
650 4 _aLiteratura-
_yS.XIX
_9160173
650 4 _aLiteratura-
_yS.XX
_914497
700 1 _aEliot, T. S.,
_d1888-1965
_4aut
_946996
_eaut
700 1 _aBergson, Henri
_4aut
_928013
_eaut
700 1 _aPirandello, Luigi
_4aut
_992338
_eaut
700 1 _aVerner von Heidenstam, Carl Gustav,
_d1859-1940
_4aut
_9114167
_eaut
700 1 _aShaw, Bernard
_9106025
852 _aES-MaACL
_cDES
_jDB-215
_hDonación: J. Porto
_xEncuadernación cartoné
_9207388
942 _cMONOGRAFIA
_n0
999 _c198412
_d198412